| 000 | 00000nam 2200000zi 4500 |
| 001 | 9.919363 |
| 003 | CaOODSP |
| 005 | 20230308145213 |
| 006 | m o d f |
| 007 | cr cn||||||||| |
| 008 | 230123e202209##oncd ob f000 0 fre d |
| 020 | |a9780660472188 |
| 040 | |aCaOODSP|bfre|erda|cCaOODSP |
| 043 | |an-cn--- |
| 086 | 1 |aF2-295/2023F-PDF |
| 245 | 00|aRapport sur la feuille de route de la taxonomie : |bMobiliser la finance pour une croissance durable en définissant les investissements verts et les investissements de transition / |cConseil d’action en matière de finance durable. |
| 264 | 1|a[Ottawa] : |bGouvernement du Canada = Government of Canada, |cseptembre 2022. |
| 300 | |a1 ressource en ligne (86 pages) |
| 336 | |atexte|btxt|2rdacontent/fre |
| 337 | |ainformatique|bc|2rdamedia/fre |
| 338 | |aressource en ligne|bcr|2rdacarrier/fre |
| 500 | |aPublié aussi en anglais sous le titre : Taxonomy roadmap report. |
| 500 | |aPublié par: Finances Canada. |
| 504 | |aComprend des références bibliographiques. |
| 650 | 6|aDéveloppement durable|xAspect économique|zCanada. |
| 650 | 6|aInvestissements|xAspect de l'environnement|zCanada. |
| 710 | 1 |aCanada. |bMinistère des finances, |eorganisme de publication. |
| 775 | 08|tTaxonomy roadmap report : |w(CaOODSP)9.919362 |
| 856 | 40|qPDF|s10.01 Mo|uhttps://publications.gc.ca/collections/collection_2023/fin/F2-295-2023-fra.pdf |